<?xml version="1.0" encoding="UTF-8"?>
<collection xmlns="http://www.loc.gov/MARC21/slim">
 <record>
  <leader>01864nam a2200229Ia 4500</leader>
  <controlfield tag="001">CTU_60008</controlfield>
  <controlfield tag="008">210402s9999    xx            000 0 und d</controlfield>
  <datafield tag="020" ind1=" " ind2=" ">
   <subfield code="b">42000</subfield>
  </datafield>
  <datafield tag="020" ind1=" " ind2=" ">
   <subfield code="c">42000</subfield>
  </datafield>
  <datafield tag="082" ind1=" " ind2=" ">
   <subfield code="a">624.1834</subfield>
  </datafield>
  <datafield tag="082" ind1=" " ind2=" ">
   <subfield code="b">T502</subfield>
  </datafield>
  <datafield tag="100" ind1=" " ind2=" ">
   <subfield code="a">Trần, Mạnh Tuân</subfield>
  </datafield>
  <datafield tag="245" ind1=" " ind2="0">
   <subfield code="a">Tính toán kết cấu bê tông cốt thép theo tiêu chuẩn ACI 318-2002 :</subfield>
  </datafield>
  <datafield tag="245" ind1=" " ind2="0">
   <subfield code="b">Những nội dung mới, nghiên cứu tiếp cận, áp dụng tính toán</subfield>
  </datafield>
  <datafield tag="245" ind1=" " ind2="0">
   <subfield code="c">Trần Mạnh Tuân</subfield>
  </datafield>
  <datafield tag="260" ind1=" " ind2=" ">
   <subfield code="a">Hà Nội</subfield>
  </datafield>
  <datafield tag="260" ind1=" " ind2=" ">
   <subfield code="b">Xây dựng</subfield>
  </datafield>
  <datafield tag="260" ind1=" " ind2=" ">
   <subfield code="c">2003</subfield>
  </datafield>
  <datafield tag="520" ind1=" " ind2=" ">
   <subfield code="a">Sách giới thiệu nội dung, phương pháp tính toán các cấu kiện bê tông cốt thép theo tiêu chuẩn của Viện Bê tông Hoa Kỳ (ACI) tại Việt Nam. Tài liệu cung cấp các nguyên lý, giả thiết cơ bản của hệ thống tiêu chuẩn của ACI, tạo điều kiện nghiên cứu, học tập cũng như tìm kiếm giải pháp trong xu thế hòa nhập các tiêu chuẩn thiết kế của các nước trong khu vực cũng như trên phạm vi thế giới.  Nội dung cuốn sách được chia thành các mục như sau: Giới thiệu tiêu chuẩn ACI 318-02; Cơ sở tính toán kết cấu bê tông cốt thép theo tiêu chuẩn ACI 318-02; Tính toán cấu kiện chịu mô mên uốn; Tính toán cấu kiện chịu lực cắt; Tính toán cấu kiện chịu mô men xoắn; Tính toán cấu kiện chịu lực dọc và mô men uốn; Tính toán độ võng và khe nứt</subfield>
  </datafield>
  <datafield tag="650" ind1=" " ind2=" ">
   <subfield code="a">Ferrocement,Reinforced concrete</subfield>
  </datafield>
  <datafield tag="904" ind1=" " ind2=" ">
   <subfield code="i">Minh, Huỳnh Mai</subfield>
  </datafield>
  <datafield tag="980" ind1=" " ind2=" ">
   <subfield code="a">Trung tâm Học liệu Trường Đại học Cần Thơ</subfield>
  </datafield>
 </record>
</collection>
